| 000 | 00885nam a2200205 4500 | ||
|---|---|---|---|
| 001 | 143177 | ||
| 003 | ES-MaACL | ||
| 005 | 20230906200738.0 | ||
| 007 | t| | ||
| 008 | 070214s1925 sp r ||||1| spa d | ||
| 245 | 0 | 0 |
_aCartulario de San Pedro de Arlanza, antiguo monasterio benedictino / _cpublicado por D. Luciano Serrano, O. S. B., Abad de SIlos. |
| 260 |
_aMadrid : _bJunta para Ampliación de Estudios e Investigaciones Científicas, Centro de Estudios Históricos, _c1925 ( _eBurgos : _fImp. de Rafael Ibáñez de Aldecoa) |
||
| 300 |
_a299 p. ; _c25 cm. |
||
| 490 | 1 | _aPublicaciones de la Junta para Ampliación de Estudios | |
| 700 | 1 |
_aSerrano, Luciano. _9105704 |
|
| 710 | 2 |
_aCentro de Estudios Históricos (1910-1939) _92638 |
|
| 830 | 0 |
_aPublicaciones de la Junta para Ampliación de Estudios _9220547 |
|
| 852 |
_aES-MaACL _jA-5166 _bR.18146 |
||
| 999 |
_c143177 _d143177 |
||